000 00692nam a2200289Ia 4500
005 20260324113312.0
008 008 260324s9999 xx 000 0 eng d
020 _a9780429398780
037 _aEBOOK
040 _aCRL
040 _beng
040 _cCRL
041 _2eng
041 _aeng
084 _qCRL
100 _aCharlie Eastaugh
_91060206
245 4 _aThe U.S. Constitution’s Eighth Amendment
245 0 _bBail, Fines, and Punishments
260 _bTaylor and Francis
260 _c2024
365 _a
365 _b220
856 _uhttp://www.taylorfrancis.com/books/9780429398780
942 _cEBOOK
999 _c1735803
_d1735803